Debate Social Revista electrn̤ica del Departamento de Estudios Sociopolt̕icos y Jurd̕icos del ITESO.

Detalles Bibliográficos
Formato: Revista
Lenguaje:español
Publicado: [Mx̌ico] : Iteso, 2008 -
Materias:
Acceso en línea:Acceso restringido

MARC

LEADER 00000nas a22000007a 4500
005 2011090707277.0
008 110907c2008 mx qr|p|s|||| 00| b1spa d
035 |a 5230 
040 |a vLex 
090 |c 2401  |d 2401 
245 0 0 |a Debate Social  |h [Recurso electrn̤ico] :  |b Revista electrn̤ica del Departamento de Estudios Sociopolt̕icos y Jurd̕icos del ITESO.  
256 |a Servicio en ln̕ea. 
260 |a [Mx̌ico] :  |b Iteso,  |c 2008 - 
300 |a 1 recurso electrn̤ico 
506 1 |a Contenido solo disponible en los productos indicados  |d vLex Global  |d vLex Global (Academic Edition, excluding Law Schools)  |d vLex Global (U.S. Academic Edition, Law Schools)  |d vLex Global (U.S. Academic Edition, excluding Law Schools)  |d vLex Global (Academic Edition, Law Schools) 
650 |a Polt̕ica  |z Mx̌ico 
740 0 |a vLex Revistas (Servicio en ln̕ea) 
856 4 0 |u http://vlex.com/source/debate-social-5230  |z Acceso restringido 
942 |c REV